Pays avec 50 millions d'habitants en 2100 - Statistiques

Statistiques générales
  • Ce quiz a été pris 257 fois
    206 depuis la dernière actualisation
  • Le résultat moyen est 32 sur 47
Statistiques - réponses
Population Pays % Correct
1,064,993,459 Chine
98%
65,497,773 France
97%
1,450,420,839 Inde
97%
74,740,598 Allemagne
94%
433,853,891 Etats-Unis
94%
126,142,656 Russie
94%
180,682,756 Brésil
92%
164,947,332 Niger
92%
403,102,827 Pakistan
87%
78,053,360 Royaume-Uni
87%
224,735,180 Égypte
86%
320,782,424 Indonésie
86%
74,959,377 Japon
86%
141,509,743 Mexique
86%
362,031,082 République démocratique du Congo
85%
79,190,833 Afrique du Sud
84%
732,941,597 Nigeria
84%
56,802,489 Argentine
81%
70,704,619 Algérie
78%
56,953,227 Canada
75%
86,170,458 Turquie
75%
98,587,984 Iran
74%
294,392,896 Éthiopie
73%
285,651,848 Tanzanie
70%
151,393,020 Bangladesh
68%
142,342,349 Soudan
68%
188,283,138 Angola
64%
125,423,854 Kenya
64%
80,382,703 Mali
64%
107,711,273 Irak
63%
146,327,435 Philippines
60%
75,716,432 Somalie
58%
97,437,278 Viêt Nam
58%
53,515,360 Sénégal
56%
90,225,182 Cameroun
53%
123,646,947 Mozambique
52%
61,849,818 Tchad
52%
136,784,883 Ouganda
48%
75,166,964 Afghanistan
45%
96,632,721 Côte d'Ivoire
43%
81,546,200 Zambie
40%
55,298,936 Birmanie
38%
79,011,407 Ghana
36%
99,957,337 Madagascar
34%
54,171,323 Yémen
29%
66,559,388 Malawi
14%
50,904,082 Burundi
12%
Aucun quiz correspondant
Distribution des résultats
% des personnes avec chaque résultat
Percentile par nombre de réponses
Votre historique - résultats
Vous n’avez pas pris ce quiz depuis la dernière actualisation